The limits of institutional reform in development : changing rules for realistic solutions /
"This book explains why many institutional reforms in developing countries have limited success and suggests ways to overcome these limits"--
| Main Author: | |
|---|---|
| Format: | Book |
| Language: | English |
| Published: |
Cambridge :
Cambridge University Press,
2013.
|
| Subjects: | |
| Online Access: | Publisher description Table of contents only Contributor biographical information |
| Classic Catalogue: | View this record in Classic Catalogue |
| LEADER | 02387nam a2200385 i 4500 | ||
|---|---|---|---|
| 001 | 31531 | ||
| 003 | BD-DhAAL | ||
| 005 | 20170105104923.0 | ||
| 008 | 170105s2013 enka b 001 0 eng | ||
| 010 | |a 2012029381 | ||
| 020 | |a 9781107016330 | ||
| 040 | |a DLC |b eng |c DLC |e rda |d DLC |d BD-DhAAL | ||
| 042 | |a pcc | ||
| 043 | |a d------ | ||
| 050 | 0 | 0 | |a HC59.7 |b .A7945 2013 |
| 082 | 0 | 0 | |a 338.90091724 |2 23 |
| 100 | 1 | |a Andrews, Matt, |d 1972- |9 20867 | |
| 245 | 1 | 4 | |a The limits of institutional reform in development : |b changing rules for realistic solutions / |c Matt Andrews, Harvard Kennedy School of Government. |
| 260 | |a Cambridge : |b Cambridge University Press, |c 2013. | ||
| 300 | |a xii, 254 pages : |b illustrations ; |c 24 cm | ||
| 504 | |a Includes bibliographical references (pages 233-250) and index. | ||
| 505 | 8 | |a Machine generated contents note: Preface; 1. Change rules, change governments, and develop?; 2. Deconstructing the puzzling evidence of reform; 3. Overlooking the change context; 4. Reforms as overspecified and oversimplified solutions; 5. Limited engagement, limited change; 6. What you see is not what you get (expecting limits); 7. Problem-driven learning sparks institutional change; 8. Finding and fitting solutions that work; 9. Broad engagement, broader (and deeper) change; 10. Reforming rules of the development game itself. | |
| 520 | |a "This book explains why many institutional reforms in developing countries have limited success and suggests ways to overcome these limits"-- | ||
| 526 | |a BIGD | ||
| 541 | |e 31531 | ||
| 650 | 0 | |a Institution building |z Developing countries. |9 20868 | |
| 650 | 0 | |a Economic development |z Developing countries. |9 20869 | |
| 650 | 7 | |a BUSINESS & ECONOMICS / Development / Economic Development. |2 bisacsh |9 20870 | |
| 651 | 0 | |a Developing countries |x Economic conditions. |9 20871 | |
| 856 | 4 | 2 | |3 Publisher description |u http://www.loc.gov/catdir/enhancements/fy1302/2012029381-d.html |
| 856 | 4 | 1 | |3 Table of contents only |u http://www.loc.gov/catdir/enhancements/fy1302/2012029381-t.html |
| 856 | 4 | 2 | |3 Contributor biographical information |u http://www.loc.gov/catdir/enhancements/fy1302/2012029381-b.html |
| 942 | |2 ddc |c BK | ||
| 999 | |c 37921 |d 37921 | ||
| 952 | |0 0 |1 0 |2 ddc |4 0 |6 338_900917240000000_AND |7 0 |9 59892 |a IGS |b IGS |c GEN |d 2016-09-26 |e Riza Enterprise |g 3960.00 |l 0 |o 338.90091724 AND |p 3010031531 |r 2016-12-15 |t 1 |v 3960.00 |w 2016-09-26 |y BK | ||